| 000 | 00000nas 2200000za 4500 |
| 001 | 9.837026 |
| 003 | CaOODSP |
| 005 | 20221107151035 |
| 007 | cr ||||||||||| |
| 008 | 170519d19541967onc x m o f000#a0eng|d |
| 040 | |aCaOODSP|beng |
| 043 | |an-cn--- |
| 086 | 1 |aR42-3E-PDF |
| 110 | 2 |aNorthern Co-ordination and Research Centre (Canada) |
| 245 | 10|aNCRC (Series) |h[electronic resource] / |cNorthern Co-ordination and Research Centre, Department of Northern Affairs and National Resources. |
| 260 | |aOttawa : |bNorthern Co-ordination and Research Centre, Department of Northern Affairs and National Resources, |c1954-1967? |
| 310 | |aIrregular |
| 500 | |aDigitized edition from print [produced by Indigenous and Northern Affairs Canada]. |
| 692 | 07|2gccst|aAboriginal reserves |
| 692 | 07|2gccst|aSocial development |
| 692 | 07|2gccst|aNorth |
| 710 | 1 |aCanada. |bIndigenous and Northern Affairs Canada. |
| 785 | 00|tNSRG (Series) |w(CaOODSP)9.837057 |